Tribunale dell'Unione europea

Detalles Bibliográficos
Título anterior:Tribunale di Primo Grado delle Comunit ̉Europee
Formato: eBook
Publicado: Barcelona : vLex
Materias:
Acceso en línea:Acceso restringido

MARC

LEADER 00000nam a22000007a 4500
005 20120223134326.0
007 cr|||| ||||
008 120223c20099999sp |||| s||||i0|||b1it d
035 |a 6020 
040 |a vLex 
090 |c 3032  |d 3032 
245 0 0 |a Tribunale dell'Unione europea  |h [Recurs electrṇic]  
256 |a Servei en linia 
260 |a Barcelona :  |b vLex 
300 |a 1 recurs electrṇic 
500 |a Aquesta font cont ̌les sentn̈cies dictades per Tribunale dell'Unione europea des de el 01/12/2009 en endavant. Les sentn̈cies anteriors a aquesta data es troben sota l'encapȧlament de Tribunale di Primo Grado delle Comunit ̉Europee. 
506 1 |a Contingut disponible en els productes indicats  |d vLex Global   |d vLex Global (Academic Edition, excluding Law Schools)   |d vLex Global (U.S. Academic Edition, Law Schools)   |d vLex Global (U.S. Academic Edition, excluding Law Schools)   |d vLex Global (Academic Edition, Law Schools)  
610 2 |a Tribunale dell'Unione europea 
650 0 4 |a Tribunale dell'Unione europea  |x Jurisprudn̈cia 
650 0 4 |a Sentn̈cies 
740 0 |a vLex Jurisprudn̈cia (Servei en linia) 
780 0 |a Tribunale di Primo Grado delle Comunit ̉Europee  |w 1690 
856 4 0 |u http://vlex.com/source/tribunale-unione-europea-6020  |z Acceso restringido 
942 |c TR 
999 0 |a Jurisprudence  |b European Union countries